Bande Organisée - Couplet 3 : JuL - Statistiques

Statistiques générales
  • Ce quiz a été pris 205 fois
  • Le résultat moyen est 62 sur 155
Statistiques - réponses
% Correct
la
81%
la,
81%
La
81%
ça
71%
de
71%
à
70%
un
67%
qui
66%
elle
64%
sur
64%
c'est
63%
J'suis
63%
que
63%
qué
63%
t'a
63%
t'à
63%
en
61%
me
58%
ou
58%
quitté
58%
dans
57%
nique
56%
puta,
56%
j'ai
55%
scooter
55%
une
55%
fait
54%
fait,
54%
cas
53%
mon
51%
d'la
50%
dl'a
50%
moto,
50%
Oublie-
50%
au
49%
Au
49%
moula
49%
briquet
48%
Rafale,
48%
flow
47%
zone,
47%
depuis
46%
des
45%
potes
45%
ailleurs,
44%
les
43%
parlent
42%
et
40%
Et
40%
poto,
40%
poto
40%
survet'
40%
claquettes,
39%
qu'j'ai
39%
sans
39%
demande
38%
casque
37%
moi
37%
passa ?
37%
kité
34%
l'game
33%
toujours
33%
Lacoste
32%
l'heure,
32%
l'net
32%
s'déplacent
32%
ratata,
30%
cabeza
29%
d'or
29%
pasa ?
29%
folles
28%
Plus
28%
besoin
27%
chez
27%
d'aller
27%
J'fuck
25%
leurs
22%
mal
22%
mapesa
22%
team
22%
Twitter,
22%
bazookaw,
21%
effritée
21%
j'vois
21%
mères
21%
pour
20%
sous
20%
ceux
19%
deux-
19%
envoie
19%
on
19%
trois
19%
zéros
19%
"brm,
18%
brm,
18%
brm",
18%
d"platine
18%
potion
18%
D'puis
17%
l'pet'
17%
l'chèque
16%
Ah,
15%
ah,
15%
ah
15%
j'tire
15%
grimpe,
14%
posts,
14%
Tchico
12%
qu'j'suis
9%
grr
8%
grr,
8%
Aucun quiz correspondant
Distribution des résultats
% des personnes avec chaque résultat
Percentile par nombre de réponses
Votre historique - résultats
Vous n’avez pas pris ce quiz